Динамические контактные задачи для предварительно напряженных тел

Detalhes bibliográficos
Autor principal: Калинчук В. В. Валерий Владимирович
Outros Autores: Белянкова Т. И. Татьяна Ивановна
Resumo:Настоящая работа посвящена поиску закономерностей влияния начальной деформации среды на динамическое поведение контактирующих с ней тел и исследованию возможности оценки напряженного состояния среды по изменению параметров движения тела.
Idioma:russo
Publicado em: Москва, Физматлит, 2002
Assuntos:
Formato: Livro
KOHA link:https://koha.lib.tpu.ru/cgi-bin/koha/opac-detail.pl?biblionumber=78190

MARC

LEADER 00000nam0a2200000 4500
001 78190
005 20231031093738.0
010 |a 5922102990 
035 |a (RuTPU)RU\TPU\book\83803 
090 |a 78190 
100 |a 20050614d2002 k y0rusy50 ca 
101 0 |a rus 
102 |a RU 
105 |a a z 001zy 
200 1 |a Динамические контактные задачи для предварительно напряженных тел  |f В. В. Калинчук, Т. И. Белянкова 
210 |a Москва  |c Физматлит  |d 2002 
215 |a 240 с.  |c ил. 
320 |a Библиогр.: с. 225-236. 
330 |a Настоящая работа посвящена поиску закономерностей влияния начальной деформации среды на динамическое поведение контактирующих с ней тел и исследованию возможности оценки напряженного состояния среды по изменению параметров движения тела. 
610 1 |a сопротивление материалов 
610 1 |a твердые тела 
610 1 |a деформируемые тела 
610 1 |a деформация 
610 1 |a упругость 
610 1 |a напряжения 
610 1 |a предварительно-напряженные тела 
610 1 |a преднапряженные среды 
610 1 |a краевые задачи 
610 1 |a решение 
610 1 |a интегральные уравнения 
610 1 |a преднапряженные слои 
675 |a 539.319  |v 3 
700 1 |a Калинчук  |b В. В.  |g Валерий Владимирович 
701 1 |a Белянкова  |b Т. И.  |g Татьяна Ивановна 
801 1 |a RU  |b 63413507  |c 20050614  |g PSBO 
801 2 |a RU  |b 63413507  |c 20131205  |g PSBO 
942 |c BK